| 000 | 00934nam a22002897a 4500 | ||
|---|---|---|---|
| 003 | CHAP | ||
| 005 | 20220329141100.0 | ||
| 008 | 971013s r 00010 d | ||
| 010 | _a62325 | ||
| 011 | _a63297 | ||
| 035 | _a67473 | ||
| 040 | _cCHAP | ||
| 090 | _aR-3820 | ||
| 100 | 0 | 0 |
_aCalderón de Rzedowski, Graciela. _917385 |
| 245 | 1 | _aDos novedades en Zinnia subgénero Diplothrix (Compositae : Heliantheae) del centro de México | |
| 500 | _aSobretiro de : Acta Botánica Mexicana 36 : 77-83, 1996 | ||
| 590 |
_aBATCH-UPD _b10 _c20130110 _lUCH01 _h1443 |
||
| 590 |
_aBATCH-UPD _b10 _c20130410 _lUCH01 _h0914 |
||
| 590 |
_aBATCH-UPD _b10 _c20130914 _lUCH01 _h2059 |
||
| 590 |
_aCONVERSION _b10 _c20130109 _lUCH01 _h1333 |
||
| 650 | 1 | 4 |
_aCompuestas _926116 |
| 650 | 1 | 4 |
_aZinnia. _9124076 |
| 700 | 0 |
_aRzedowski Rotter, Jerzy. _9101052 |
|
| 901 | _aBK | ||
| 942 | _cREIMP | ||
| 949 |
_aR-3820 _bBC _cR _d33724002257710 _eTS1 _i67473 _sb |
||
| 999 |
_c62325 _d62325 |
||